<?xml version="1.0" encoding="UTF-8"?>
<record
    xmlns:xsi="http://www.w3.org/2001/XMLSchema-instance"
    xsi:schemaLocation="http://www.loc.gov/MARC21/slim http://www.loc.gov/standards/marcxml/schema/MARC21slim.xsd"
    xmlns="http://www.loc.gov/MARC21/slim">

  <leader>03085nam a22002777a 4500</leader>
  <controlfield tag="001">6529</controlfield>
  <controlfield tag="003">FISKH</controlfield>
  <controlfield tag="005">20250508110848.0</controlfield>
  <controlfield tag="008">250508b        cb ||||| |||| 00| 0 eng d</controlfield>
  <datafield tag="020" ind1=" " ind2=" ">
    <subfield code="a">9781741798548</subfield>
  </datafield>
  <datafield tag="040" ind1=" " ind2=" ">
    <subfield code="a">FISKH</subfield>
    <subfield code="b">eng</subfield>
    <subfield code="c">FISKH</subfield>
    <subfield code="d">FISKH</subfield>
  </datafield>
  <datafield tag="050" ind1=" " ind2=" ">
    <subfield code="a">DS520.9 .S68</subfield>
  </datafield>
  <datafield tag="082" ind1=" " ind2=" ">
    <subfield code="a">915.90454</subfield>
  </datafield>
  <datafield tag="100" ind1=" " ind2=" ">
    <subfield code="a">Williams, China</subfield>
  </datafield>
  <datafield tag="245" ind1=" " ind2=" ">
    <subfield code="a">Southeast Asia : on a shoestring : </subfield>
    <subfield code="b">big trips on small budgets / </subfield>
    <subfield code="c">By China William , Greg Bloom and Celeste Brash </subfield>
  </datafield>
  <datafield tag="250" ind1=" " ind2=" ">
    <subfield code="a">First published 1975</subfield>
  </datafield>
  <datafield tag="260" ind1=" " ind2=" ">
    <subfield code="a">Fort Mill : </subfield>
    <subfield code="b">Lonely Planet , </subfield>
    <subfield code="c">2012. </subfield>
  </datafield>
  <datafield tag="300" ind1=" " ind2=" ">
    <subfield code="a">973 pages : </subfield>
    <subfield code="b">color illustrations, maps ; </subfield>
    <subfield code="c">20 cm . </subfield>
  </datafield>
  <datafield tag="490" ind1=" " ind2=" ">
    <subfield code="a">Lonely Planet </subfield>
  </datafield>
  <datafield tag="520" ind1=" " ind2=" ">
    <subfield code="a">Lonely Planet: The world's number one travel guide publisher* Lonely Planet's Southeast Asia on a Shoestring is your passport to having big experiences on a small budget, offering the most relevant, up-to-date advice on what to see and skip, what hidden discoveries await you and how to optimise your budget for an extended continental trip. Watch the sun rise over Cambodia's temples of Angkor; hang out, hit the beach and learn to cook in Vietnam's cosmopolitan, buzzing Hoi An; and kayak around the turquoise waters of Laos' Si Phan Don. All with your trusted travel companion. Inside Lonely Planet's Southeast Asia on a Shoestring: - Budget-oriented recommendations with honest reviews - eating, sleeping, sightseeing, going out, hidden gems that most guidebooks miss - Extensive planning tools and budget calculators - Highlights and itineraries help you tailor your trip to your personal needs and interests - Insider tips to save time and money and get around like a local, avoiding crowds and trouble spots - Essential info at your fingertips - hours of operation, phone numbers, websites, transit tips, prices - Cultural insights provide a richer, more rewarding travel experience - covering history, art, literature, cinema, landscapes - Colour maps and images throughout - Covers Brunei, Cambodia, Indonesia, Laos, Malaysia, Myanmar, Philippines, Thailand, Timor-Leste, Singapore, Vietnam - Useful features: First Time Southeast Asia, Big Adventures Small Budget, Off the Beaten Track, Border Crossing, Splurge, and Responsible Travel eBook Features: (Best viewed on tablet devices and smartphones) - Downloadable PDF and offline maps prevent roaming and data charges - Effortlessly navigate and jump between maps and reviews - Add notes to personalise your guidebook experience - Seamlessly flip between pages - Bookmarks and speedy search capabilities get you to key pages in a flash - Embedded links to recommendations' websites - Zoom-in maps and images - Inbuilt dictionary for quick referencing The Perfect Choice: Lonely Planet's Southeast Asia on a shoestringis perfect for budget- and value-conscious travellers taking a big trip, and is packed with amazing sights and experiences, savvy tips and recommendations. </subfield>
  </datafield>
  <datafield tag="650" ind1=" " ind2=" ">
    <subfield code="a">Southeast Asia </subfield>
    <subfield code="v">Non-fiction</subfield>
  </datafield>
  <datafield tag="650" ind1=" " ind2=" ">
    <subfield code="a">Thailand</subfield>
    <subfield code="v">Non-fiction</subfield>
  </datafield>
  <datafield tag="700" ind1=" " ind2=" ">
    <subfield code="a">Presser , Brandon</subfield>
    <subfield code="e">Illustrator </subfield>
  </datafield>
  <datafield tag="942" ind1=" " ind2=" ">
    <subfield code="2">ddc</subfield>
    <subfield code="c">BK</subfield>
    <subfield code="n">0</subfield>
  </datafield>
  <datafield tag="999" ind1=" " ind2=" ">
    <subfield code="c">6529</subfield>
    <subfield code="d">6529</subfield>
  </datafield>
  <datafield tag="952" ind1=" " ind2=" ">
    <subfield code="0">0</subfield>
    <subfield code="1">0</subfield>
    <subfield code="2">ddc</subfield>
    <subfield code="4">0</subfield>
    <subfield code="7">0</subfield>
    <subfield code="8">NFIC</subfield>
    <subfield code="a">002</subfield>
    <subfield code="b">002</subfield>
    <subfield code="c">SNS</subfield>
    <subfield code="d">2025-05-08</subfield>
    <subfield code="l">0</subfield>
    <subfield code="o">WIL 915.90454 DS520.9 .S68</subfield>
    <subfield code="p">2025-1214</subfield>
    <subfield code="r">2025-05-08 09:56:09</subfield>
    <subfield code="w">2025-05-08</subfield>
    <subfield code="y">BK</subfield>
  </datafield>
</record>
